000 01026nam1a22002171i 4500
001 rc\3058082
005 20240726065754.0
035 _a(NLR Aleph) 007197059
090 _a7595216
_c7595216
100 _a20111013d1944 |||y0rusy50 ca
101 0 _arus
102 _aRU
105 _ay z |||||
200 1 _aОбщий курс строительного производства
_eВ 3-х ч.
_eДопущ. ВКВШ при СНК СССР в качестве учебного пособия для строит. втузов и специальностей
_fСост. коллективом авторов под руководством и ред. д-ра техн. наук, проф. Б.П. Горбушина
210 _aМосква
_cСтройиздат
_d1944
_g16-я тип. треста "Полиграфкнига"
215 _d26 см
702 1 _aГорбушин
_bБ.П.
_gБорис Петрович
_4340
801 0 _aRU
_bNLR
_gpsbo
801 1 _aRU
_bELAR
_2rusmarc
852 _aNLR
_jТ80 Г-7/30
942 _cBOOK